00540cam a22002051 4500001001300000003000400013005001700017008004100034010001700075035002000092040003400112042001200146050001500158100002200173245003900195260004200234300002100276650002200297999001500319af 47006794 DLC20260227110839.0850930s1943 fr 000 0 fre c aaf 47006794  a(OCoLC)12616877 aHarvard Univ. Libr.cOCUdDLC apremarc00aGR161b.A81 aAuclair, Bernard.10aMœurs des provinces françaises. aParis :bLes Livres nouveaux,c[1943] a222 p. ;c22 cm. 0aFolklorezFrance. c3688d3688